Countries Qingdao has been in - Statistics

General Stats
  • This quiz has been taken 127 times
  • The average score is 7 of 7
Answer Stats
Time Country % Correct
1949 - Present People's Republic of China
100%
1891 - 1898 Qing Dynasty
100%
1922 - 1938 Republic of China
100%
1945 - 1949 Republic of China
100%
1914 - 1922 Empire of Japan
94%
1938 - 1945 Empire of Japan
94%
1898 - 1914 German Empire
80%
No matching quizzes found
Score Distribution
Percent of People with Each Score
Percentile by Number Answered
Your Score History
You have not taken this quiz